La causa ilícita en las obligaciones y en los actos jurídicos. El pensamiento de Vélez Sarsfield, los textos del Código y la Jurisprudencia más reciente de los tribunales.
Guardat en:
| Autor principal: | |
|---|---|
| Format: | Llibre |
| Idioma: | espanyol |
| Publicat: |
Buenos Aires, Argentina:
Abeledo-Perrot,
1966.
|
| Col·lecció: | Monografías Jurídicas, 105.
|
| Matèries: | |
| Etiquetes: |
Afegir etiqueta
Sense etiquetes, Sigues el primer a etiquetar aquest registre!
|
MARC
| LEADER | 00000cam a2200000 a 4500 | ||
|---|---|---|---|
| 001 | UCD3577 | ||
| 003 | CL-VaPUC | ||
| 005 | 20250108104736.0 | ||
| 008 | 160609e19660812ag |||||||||||||||||spa|d | ||
| 999 | |c 364613 |d 364611 | ||
| 040 | |c Pontificia Universidad Católica de Valparaíso | ||
| 082 | 0 | 4 | |a 346.82022 BAR 1966 |2 21 |
| 100 | 0 | |a Barcia López, Arturo |e autor |9 587095 | |
| 245 | 1 | 3 | |a La causa ilícita en las obligaciones y en los actos jurídicos. |b El pensamiento de Vélez Sarsfield, los textos del Código y la Jurisprudencia más reciente de los tribunales. |
| 260 | |a Buenos Aires, Argentina: |b Abeledo-Perrot, |c 1966. | ||
| 300 | |a 151 páginas. | ||
| 490 | 0 | |a Monografías Jurídicas, 105. | |
| 500 | |a c.2 Donación Familia Prof. Alejandro Guzmán Brito. | ||
| 583 | |a last modification |c 20160609 22:21:00 |k Rodrigo Vera | ||
| 650 | 0 | |a Actos jurídicos |9 255748 | |
| 650 | 0 | |a Obligaciones |9 255578 | |
| 650 | 0 | |a Causa |2 CL-VaPUC |9 328431 | |
| 650 | 0 | |a Derecho civil argentino |2 CL-VaPUC |9 398477 | |
| 942 | |c BK |2 ddc |n 0 | ||
| 945 | |d 20160609 22:21:00 |a arojas | ||
| 952 | |0 0 |1 0 |3 erb |4 0 |6 346_820220000000000_BAR_1966 |7 0 |8 A |9 478161 |a BIBDER |b BIBDER |i 5313309 |o 346.82022 BAR 1966 |p 5313309 |r 2023-01-25 |w 2019-11-24 |y BK |z Catalogado en:20160609 |k DER | ||